000 00463nam a22001817a 4500
005 20260423131129.0
008 260423b |||||||| |||| 00| 0 eng d
020 _a9789360533038
_c595.00
040 _aMAIN
041 _aEnglish
082 _a006.3
_bDER
100 _aDe, Rahul
_926703
245 _aAI Artificial Intelligence for Managers
260 _aNew Delhi
_bCengage
_c2025
300 _aV.P.
650 _aCommerce (PM USHA)
_926705
942 _cBK
999 _c60698
_d60698